000 00330nam a22001337a 4500
008 170208b xxu||||| |||| 00| 0 eng d
020 _a9780132001496
041 _aeng
080 _23RD
_a61
100 _a3
101 _aSHM
245 _aAPPRAISAL AND DIAGNOSIS OF SPEECH AND LANGUAGE DISORDERS
_cPETERSON, H.A
942 _2udc
_cBK
999 _c4868
_d4868